000 00332nam a22001337a 4500
005 20250828122627.0
008 250828b |||||||| |||| 00| 0 eng d
041 _aEng.
100 _aKulkarni, Anand & Others
_9212845
245 _aBusiness English ( S.Y.B. A. )
260 _aPune
_bVaibhav Book
300 _a132
942 _cBK
999 _c367533
_d367533